00339nam a22001337a 4500003000400000008004100004020001800045082001400063100002500077245005700102250001100159260002700170300000800197OSt240507b |||||||| |||| 00| 0 eng d a9789357461733 a658.3 BHH aBHATTACHARYYA, Dipak aHR Analytics Understanding Theories and Applications a2nd Ed aNew DelhibWileyc2024 a222